Guess the Movie from the Cast #6 - Statistics

General Stats
  • This quiz has been taken 181 times
  • The average score is 5 of 10
Answer Stats
Hint Answer % Correct
Johnny Depp / Winona Ryder / Dianne Wiest / Anthony Michael Hall Edward Scissorhands
75%
Joaquin Phoenix / Robert De Niro / Zazie Beetz / Frances Conroy Joker
64%
Emily Blunt / John Krasinski / Noah Jupe / Millicent Simmonds A Quiet Place
61%
Christopher Reeve / Marlon Brando / Gene Hackman / Margot Kidder Superman
61%
Emilio Estevez / Paul Gleason / Judd Nelson / Molly Ringwald The Breakfast Club
54%
Jamie Lee Curtis / Donald Pleasence / Nick Castle / P. J. Soles Halloween
47%
Daniel Craig / Léa Seydoux / Rami Malek / Ralph Fiennes No Time to Die
46%
Matt Damon / Jessica Chastain / Kristen Wiig / Jeff Daniels The Martian
42%
Brendan Fraser / Elizabeth Hurley / Frances O'Connor / Orlando Jones Bedazzled
22%
Glenn Close / Jeff Daniels / Joely Richardson / Joan Plowright 101 Dalmatians
16%
No matching quizzes found
Score Distribution
Percent of People with Each Score
Percentile by Number Answered
Your Score History
You have not taken this quiz